Allgemeinwissen - Statistiken

Allgemein
  • Dieses Quiz wurde 89 mal gespielt
  • Das Durchschnittsergebnis liegt bei 10 aus 15
Antwortstatistiken
Frage Antwort % Korrekt
In welchem Jahr fiel die Berliner Mauer? 1989
99%
H₂O ist… Wasser
99%
Welcher Krieg begann 1914? Erster Weltkrieg
96%
Wie viele Planeten hat unser Sonnensystem? 8
93%
ABBA kommt aus… Schweden
89%
Höchster Berg Afrikas? Kilimandscharo
87%
Chemisches Symbol Au steht für? Gold
82%
Welches Organ verbraucht am meisten Energie? Gehirn
75%
Sprache mit den meisten Muttersprachlern? Chinesisch
72%
Welches Land hat die meisten Zeitzonen? Frankreich
68%
Epoche zwischen Antike und Neuzeit? Mittelalter
57%
Welcher Fluss fließt durch Rom? Tiber
57%
Erster römischer Kaiser? Augustus
50%
Tiere, die nur Pflanzen fressen, heißen… Herbivoren
16%
Berühmtes Theater von Shakespeare? Globe Theatre
5%
Keine übereinstimmenden Quizze gefunden
Verteilung der Resultate
Anzahl Personen mit jedem Resultat
Perzentil nach korrekt beantworteten Fragen
Ihre Resultats-Entwicklung
Sie haben dieses Quiz noch nicht gespielt